| 000 | 00438nam a22001817a 4500 | ||
|---|---|---|---|
| 005 | 20230128113840.0 | ||
| 008 | 230124b |||||||| |||| 00| 0 eng d | ||
| 020 | _a978-9393168-36-8 | ||
| 041 | _aeng | ||
| 082 | _a570 SIN -F | ||
| 100 |
_aSINGH ,B.D _96918 |
||
| 245 | _aFUNDAMENTAL OF GENITICS | ||
| 250 | _a6th ed . | ||
| 260 |
_bMEDTECH SCIENCE PRESS _c2023 |
||
| 300 | _a702;P. | ||
| 650 |
_aAGRICULTURE _92837 |
||
| 942 | _cBK | ||
| 999 |
_c8193 _d8191 |
||